000 00202nam a22000857a 4500
008 170623b xxu||||| |||| 00| 0 eng d
100 _93648
_aCBSE
245 _aSample Question Paper XII
260 _bCBSE
_c2008
999 _c7043
_d7043